Handbook of environmental fluid dynamics : System polution, modenling, and measurements

The handbook features 81 chapters written by 135 renowned researchers from around the world. Covering environmental, policy, biological, and chemical aspects, it tackles important cross-disciplinary topics such as sustainability, ecology, pollution, micrometeorology, and limnology.

Đã lưu trong:
书目详细资料
格式: 图书
语言:Undetermined
出版: Boca Raton Taylor & Francis 2013
主题:
标签: 添加标签
没有标签, 成为第一个标记此记录!
Thư viện lưu trữ: Trung tâm Học liệu Trường Đại học Cần Thơ
LEADER 00977nam a2200217Ia 4500
001 CTU_181068
008 210402s9999 xx 000 0 und d
020 |c 2478000 
082 |a 620.1064 
082 |b H236/Vol.2 
245 0 |a Handbook of environmental fluid dynamics : 
245 0 |b System polution, modenling, and measurements 
245 0 |c H.J.S. Fernando edited by 
260 |a Boca Raton 
260 |b Taylor & Francis 
260 |c 2013 
520 |a The handbook features 81 chapters written by 135 renowned researchers from around the world. Covering environmental, policy, biological, and chemical aspects, it tackles important cross-disciplinary topics such as sustainability, ecology, pollution, micrometeorology, and limnology. 
650 |a Fluid dynamics,Water quality,Cơ học chất lưu 
650 |x Handbooks, manuals, etc.,Handbooks, manuals, etc.,Sổ tay 
904 |i Tuyến 
980 |a Trung tâm Học liệu Trường Đại học Cần Thơ